Resorts : (Record no. 6305)
[ view plain ]
| 000 -LEADER | |
|---|---|
| fixed length control field | 00650nam a22001937a 4500 |
| 003 - CONTROL NUMBER IDENTIFIER | |
| control field | OSt |
| 005 - DATE AND TIME OF LATEST TRANSACTION | |
| control field | 20251125150254.0 |
| 008 - FIXED-LENGTH DATA ELEMENTS--GENERAL INFORMATION | |
| fixed length control field | 251125b |||||||| |||| 00| 0 eng d |
| 020 ## - INTERNATIONAL STANDARD BOOK NUMBER | |
| International Standard Book Number | 978-0-471-74722-2. |
| 040 ## - CATALOGING SOURCE | |
| Original cataloging agency | DWCL-Main lib |
| Transcribing agency | OC |
| 082 ## - DEWEY DECIMAL CLASSIFICATION NUMBER | |
| Edition number | 2nd ed. |
| Classification number | GR. 647.94068 M645r 2008 |
| 100 ## - MAIN ENTRY--PERSONAL NAME | |
| Personal name | Mill, Robert Christie |
| 245 ## - TITLE STATEMENT | |
| Title | Resorts : |
| Remainder of title | management and operation 2nd ed. |
| Statement of responsibility, etc. | Mill, Robert Christie |
| 260 ## - PUBLICATION, DISTRIBUTION, ETC. | |
| Place of publication, distribution, etc. | N. J. : |
| Name of publisher, distributor, etc. | John Wiley & Sons, Inc. |
| Date of publication, distribution, etc. | c2008. |
| 300 ## - PHYSICAL DESCRIPTION | |
| Extent | xvii, 478 pages : |
| Other physical details | illustration ; |
| Dimensions | 24 cm. |
| 504 ## - BIBLIOGRAPHY, ETC. NOTE | |
| Bibliography, etc. note | Includes bibliographical references and index. |
| 650 ## - SUBJECT ADDED ENTRY--TOPICAL TERM | |
| Source of heading or term | 1. Resorts-Management. |
| 942 ## - ADDED ENTRY ELEMENTS (KOHA) | |
| Source of classification or shelving scheme | Dewey Decimal Classification |
| Koha item type | General Reference |
| Edition | 2nd ed. |
| Call number prefix | GR. |
| Suppress in OPAC | No |
| 952 ## - LOCATION AND ITEM INFORMATION (KOHA) | |
| -- | |
| Withdrawn status | Lost status | Source of classification or shelving scheme | Damaged status | Not for loan | Home library | Current library | Shelving location | Date acquired | Source of acquisition | Total Checkouts | Full call number | Barcode | Date last seen | Copy number | Price effective from | Koha item type | Uniform Resource Identifier |
|---|---|---|---|---|---|---|---|---|---|---|---|---|---|---|---|---|---|
| Dewey Decimal Classification | College Library | HM & Nursing Library | General Reference | 06/23/2008 | School Fund | GR. 647.94068 M645r 2008 | 45911 | 11/25/2025 | c1 | 11/25/2025 | GR |